000 00318nam a22001337a 4500
008 170623b xxu||||| |||| 00| 0 eng d
020 _a2900872075442
041 _aeng
080 _a32
100 _a21
101 _aSHP
245 _aUNDERSTANDING AND APPLYING CRITICAL POLICY STUDY
_cEDMONDSON,J
942 _2udc
_cBK
999 _c18990
_d18990